Edizione nazionale delle opere di Cesare Beccaria / (Record no. 31584)

MARC details
000 -LEADER
campo de control de longitud fija 02467nam a2200361 i 4500
001 - NÚMERO DE CONTROL
campo de control 31584
003 - IDENTIFICADOR DE NÚMERO DE CONTROL
campo de control ES-MaACL
005 - FECHA Y HORA DE LA ÚLTIMA TRANSACCIÓN
campo de control 20250715063058.0
007 - CAMPO FIJO DE DESCRIPCIÓN FÍSICA--INFORMACIÓN GENERAL
campo de control de longitud fija t|
008 - DATOS DE LONGITUD FIJA--INFORMACIÓN GENERAL
campo de control de longitud fija 030129m1984 it |||| | ita d
080 ## - NÚMERO DE LA CLASIFICACIÓN DECIMAL UNIVERSAL
Número de la Clasificación Decimal Universal 338.2(450.25 M.)"17"
080 ## - NÚMERO DE LA CLASIFICACIÓN DECIMAL UNIVERSAL
Número de la Clasificación Decimal Universal 343.23
080 ## - NÚMERO DE LA CLASIFICACIÓN DECIMAL UNIVERSAL
Número de la Clasificación Decimal Universal 343.24
080 ## - NÚMERO DE LA CLASIFICACIÓN DECIMAL UNIVERSAL
Número de la Clasificación Decimal Universal 1(081) Beccaria, Cesare
080 ## - NÚMERO DE LA CLASIFICACIÓN DECIMAL UNIVERSAL
Número de la Clasificación Decimal Universal 82(081) Beccaria, Cesare
100 1# - ENTRADA PRINCIPAL--NOMBRE DE PERSONA
Nombre de persona Beccaria, Cesare,
Títulos y otros términos asociados al nombre marchese di,
Fechas asociadas al nombre 1738-1794
9 (RLIN) 26869
245 10 - MENCIÓN DEL TÍTULO
Título Edizione nazionale delle opere di Cesare Beccaria /
Mención de responsabilidad, etc. diretta da Luigi Firpo.
260 ## - PUBLICACIÓN, DISTRIBUCIÓN, ETC.
Lugar de publicación, distribución, etc. Milano :
Nombre del editor, distribuidor, etc. Mediobanca,
Fecha de publicación, distribución, etc. 1984-
300 ## - DESCRIPCIÓN FÍSICA
Extensión 17 v. ;
Dimensiones 26 cm.
505 8# - NOTA DE CONTENIDO CON FORMATO
Nota de contenido con formato Contiene: I: Dei delitti e delle pene / a cura di Gianni Francioni con Le edizioni italiane del "Dei Delitti e delle pene" / di Luigi Firpo. -- II: Scritti filosofici e letterari / a cura di Luigi Firpo, Gianni Francioni e Gianmarco Gaspari. -- III: Scritti economici / a cura di Giancomo Gaspari -- IV: Carteggio (parte I: 1758-1768) / a cura di Carlo Capra, Renato Pasta e Francesca Pino Pongolini - V: Carteggio (parte II: 1769-1794) / a cura di Carlo Capra, Renato Pasta e Francesca Pino Pongolini - VI: Atti di governo. Serie I, 1771-1777 / a cura di Rosalba Canetta. -- VII: Atti di goberno. Serie II, 1778-1783 / a cura di Rosalba Canetta. -- VIII: Atti di goberno. Serie III, 1784-1786 / a cura di Rosalba Canetta --I X: Atti di governo (serie IV: 1787) / a cura di Rosalba Canetta - X: Atti di governo (serie V: 1788) / a cura di Rosalba Canetta - XI: Atti di governo (serie VI: 1789) / a cura di Rosalba Canetta - XII: Atti di governo (serie VII: 1790) / a cura di Rosalba Canetta - XIII: Atti di governo (serie VIII: 1791) / a cura di Rosalba Canetta - XIV: Atti di governo (serie IX: 1792) / a cura di Rosalba Canetta - XV: Atti di governo (serie X: 1793) / a cura di Rosalba Canetta - XVI: Atti di governo (serie XI: gennaio-diciembre 1794) / a cura di Rosalba Canetta (2 vol.) --
600 14 - PUNTO DE ACCESO ADICIONAL DE MATERIA--NOMBRE DE PERSONA
Nombre de persona Beccaria, Cesare,
Títulos y otros términos asociados al nombre marchese di,
Fechas asociadas al nombre 1738-1794
9 (RLIN) 26869
650 #4 - PUNTO DE ACCESO ADICIONAL DE MATERIA--TÉRMINO DE MATERIA
Término de materia o nombre geográfico como elemento de entrada Delitos.
9 (RLIN) 166054
650 04 - PUNTO DE ACCESO ADICIONAL DE MATERIA--TÉRMINO DE MATERIA
Término de materia o nombre geográfico como elemento de entrada Penas.
9 (RLIN) 15916
650 #4 - PUNTO DE ACCESO ADICIONAL DE MATERIA--TÉRMINO DE MATERIA
Término de materia o nombre geográfico como elemento de entrada Economía-
Subdivisión geográfica Italia-
Subdivisión de forma Fuentes.
9 (RLIN) 167719
651 #4 - PUNTO DE ACCESO ADICIONAL DE MATERIA--NOMBRE GEOGRÁFICO
Nombre geográfico Milán-
Subdivisión general Situación económica-
Subdivisión de forma Fuentes.
9 (RLIN) 167717
651 #4 - PUNTO DE ACCESO ADICIONAL DE MATERIA--NOMBRE GEOGRÁFICO
Nombre geográfico Milán-
Subdivisión general Política económica-
Subdivisión de forma Fuentes.
9 (RLIN) 167718
700 1# - ENTRADA AGREGADA--NOMBRE PERSONAL
Nombre de persona Firpo, Luigi.
9 (RLIN) 50959
700 1# - ENTRADA AGREGADA--NOMBRE PERSONAL
Nombre de persona Francioni, Gianni.
9 (RLIN) 52175
700 1# - ENTRADA AGREGADA--NOMBRE PERSONAL
Nombre de persona Gaspari, Gianmarco.
9 (RLIN) 55889
700 1# - ENTRADA AGREGADA--NOMBRE PERSONAL
Nombre de persona Canetta, Rosalba.
9 (RLIN) 34492
852 ## - LOCALIZACIÓN
Ubicación ES-MaACL
Número de control de estantería P- 974 bis
Holdings
Estatus retirado Estado de pérdida Estado de daño No para préstamo Biblioteca de origen Biblioteca actual Ubicación en estantería Fecha de adquisición Fuente de adquisición Total de préstamos Signatura topográfica completa Código de barras Visto por última vez Precio de reemplazo Tipo de ítem Koha
        Biblioteca del Ateneo de Madrid Biblioteca del Ateneo de Madrid Depósito 2 17/01/2008     P-974-bis 1032641 23/02/2023 23/02/2023 Libro impreso